Cấu trúc đại số của nửa nhóm phép biến đổi hữu hạn
Các nửa nhóm T(M), LS(M) và PT(M), Ideal và các quan hệ Green trong các nửa nhóm T(M), LS(M) và PT(M), nhóm con và nửa nhóm con
Bewaard in:
| Hoofdauteur: | |
|---|---|
| Andere auteurs: | |
| Formaat: | Boek |
| Taal: | Vietnamese |
| Gepubliceerd in: |
Đà Nẵng
Đại học Đà Nẵng
2009
|
| Onderwerpen: | |
| Tags: |
Voeg label toe
Geen labels, Wees de eerste die dit record labelt!
|
| Thư viện lưu trữ: | Mạng thư viện Đại học Đà Nẵng |
|---|
| LEADER | 01496nam a2200361 4500 | ||
|---|---|---|---|
| 001 | 000010372 | ||
| 003 | 6574 | ||
| 005 | 20111213131259.0 | ||
| 008 | 111213s2009 viesd | ||
| 041 | |a vie | ||
| 072 | |a Luận văn Thạc sĩ Khoa học | ||
| 082 | |a 512.2 |b NG-D | ||
| 100 | |a Nguyễn Thùy Dương | ||
| 245 | |a Cấu trúc đại số của nửa nhóm phép biến đổi hữu hạn |c Nguyễn Thùy Dương | ||
| 260 | |a Đà Nẵng |b Đại học Đà Nẵng |c 2009 | ||
| 300 | |a 83tr |c 29cm |e Tóm tắt luận văn | ||
| 500 | |a Luận văn Thạc sĩ Khoa học. Chuyên ngành: Phương pháp toán sơ cấp. Mã số: 60.46.40 | ||
| 520 | |a Các nửa nhóm T(M), LS(M) và PT(M), Ideal và các quan hệ Green trong các nửa nhóm T(M), LS(M) và PT(M), nhóm con và nửa nhóm con | ||
| 653 | |a Toán học | ||
| 653 | |a Luận văn Thạc sĩ Toán sơ cấp | ||
| 653 | |a T(M), LS(M) và PT(M) | ||
| 653 | |a Nửa nhóm | ||
| 700 | |a Nguyễn Gia Định |c PGS.TS |e Hướng dẫn | ||
| OWN | |a LSP | ||
| AVA | |a UDN50 |b LSP |d 512.2 NG-D |e available |t Error 5001 Not defined in file expand_doc_bib_avail. |f 1 |g 0 |h N |i 0 |k 1 | ||
| 999 | |a From the UDN01 | ||
| AVA | |a UDN50 |b LSP |d 512.2 NG-D |e available |t Error 5001 Not defined in file expand_doc_bib_avail. |f 1 |g 0 |h N |i 0 |k 1 | ||
| TYP | |a Monograph | ||
| TYP | |a Printed language | ||
| 980 | |a Mạng thư viện Đại học Đà Nẵng | ||